Every Puppet State Since 1790 - Statistics

General Stats
  • This quiz has been taken 96 times
    93 since last reset
  • The average score is 45 of 113
Answer Stats
Controlling Power Years Answer Flag % Correct
German Reich 1940-1944 Vichy France
87%
German Reich 1941-1945 Independent State of Croatia
85%
German Empire 1918-1918 Kingdom of Lithuania
85%
Soviet Union 1940-1940 Lithuanian Soviet Socialist Republic
85%
Empire of Japan 1932-1945 Manchukuo
85%
Empire of Japan 1932-1932 Northeast Supreme Administrative Council
85%
Soviet Union 1940-1940 People's Government of Lithuania
85%
French Republic 1796-1796 Republic of Alba
85%
German Reich 1943-1944 Albanian Kingdom
83%
United States 2003-2004 Coalition Provisional Authority
83%
Soviet Union 1939-1940 Finnish Democratic Republic
83%
United Kingdom 1941-1947 Hashemite Kingdom of Iraq
83%
United States 2004-2005 Iraqi Interim Government
83%
German Reich 1943-1945 Italian Social Republic
83%
Kingdom of Italy 1939-1943 Kingdom of Albania
83%
United Kingdom 1941-1943 Pahlavi Iran
83%
German Empire 1917-1918 Regency Kingdom of Poland
83%
Kingdom of Italy & German Reich 1941-1944 Hellenic State
81%
German Empire 1918-1919 Kingdom of Finland
81%
Israel 1994-Now Palestinian National Authority (Area A & Area B in West Bank)
79%
French Republic 1802-1805 Italian Republic
79%
Ottoman Empire 1918-1920 Azerbaijan Democratic Republic
77%
German Reich 1943-1944 Belarusian Central Council
77%
German Empire 1918-1919 Belarusian Democratic Republic
77%
Soviet Union 1945-1946 Azerbaijan People's Government
75%
German Empire 1918-1921 Democratic Republic of Georgia
75%
German Empire 1918-1918 Ukrainian State
75%
Empire of Japan 1945-1945 Empire of Vietnam
74%
Kingdom of Italy & German Reich 1942-1944 Principality of Monaco
74%
Empire of Japan 1938-1940 Reformed Government of the Republic of China
74%
Iraqi Republic 1990-1990 Republic of Kuwait
74%
Empire of Japan 1937-1940 Provisional Government of the Republic of China
72%
Empire of Japan 1940-1945 Reorganized National Government of the Republic of China
72%
German Reich 1939-1945 Slovak Republic
72%
Empire of Japan 1943-1945 Firipin-kyōwakoku
70%
German Reich 1941-1944 Government of National Salvation (Serbia)
68%
Russia 2014-2022 Donetsk People's Republic
66%
Soviet Union 1940-1940 Estonian Soviet Socialist Republic
66%
Empire of Japan 1943-1945 State of Burma
64%
Soviet Union 1940-1940 Latvian Soviet Socialist Republic
60%
Russia 2014-2022 Luhansk People's Republic
60%
Kingdom of Italy 1941-1943 Governorate of Montenegro
49%
Indonesia 1975-1976 Provisional Government of East Timor
49%
German Reich 1942-1945 Quisling Norway/ Reichskommissariat Norwegen
45%
French Republic 1807-1815 Duchy of Warsaw
45%
Empire of Japan 1945-1945 Kingdom of Kampuchea
45%
Empire of Japan 1943-1945 Azad Hind
43%
Soviet Union 1946-1946 Republic of Mahabad
42%
Empire of Japan 1939-1945 Mengjiang
36%
Belgium 1960-1963 State of Katanga
36%
French Republic 1795-1806 Batavian Republic
34%
German Empire 1918-1919 Crimean Regional Government
34%
German Reich 1939-1945 Protectorate of Bohemia and Moravia
32%
Union of South Africa 1979-1994 Riphabuliki ya Venḓa
30%
Union of South Africa 1972-1994 Ciskei
26%
Soviet Union 1944-1946 East Turkestan Republic
26%
French Republic 1798-1803 Helvetic Republic
26%
French Republic 1797-1798 Provisional Municipality of Venice
25%
Union of South Africa 1976-1994 Transkei
25%
Russian SFSR 1920-1922 Far Eastern Republic
23%
Empire of Japan 1945-1945 Kingdom of Luang Prabang
23%
French Republic 1797-1805 Ligurian Republic
23%
French Republic 1798-1798 Republic of Connacht
23%
French Republic 1798-1799 Roman Republic
23%
Türkiye 1975-1983 Turkish Federated State of Cyprus
23%
German Empire 1918-1918 United Baltic Duchy
23%
Union of South Africa 1977-1994 Bophuthatswana
21%
German Reich 1944-1945 Government of National Unity (Hungary)
21%
Empire of Japan 1937-1938 Great Way Government
21%
German Reich 1941-1945 Lokot Autonomy
21%
Ottoman Empire 1918-1919 Mountainous Republic of the Northern Caucasus
21%
United Kingdom 1896-1963 Sultanate of Zanzibar
21%
French Republic 1797-1802 Cisalpine Republic
19%
Israel 1979-1984 State of Free Lebanon
19%
Republic of Poland 1920-1922 Republic of Central Lithuania
17%
French Republic 1799-1805 Republic of Lucca
17%
Empire of Japan 1935-1938 East Hebei Autonomous Anti-Communist Government
15%
Ottoman Empire 1918-1919 Kars Republic
13%
French Republic 1798-1799 Piedmontese Republic
13%
French Republic 1796-1797 Cispadane Republic
11%
French Republic 1799-1799 Parthenopean Republic
11%
Türkiye 2016-2025 Syrian Interim Government
11%
French Republic 1796-1797 Transpadane Republic
11%
French Republic 1797-1797 Republic of Crema
9%
Netherlands 1948-1949 State of East Java
9%
Netherlands 1947-1949 State of East Sumatra
9%
Netherlands 1948-1949 State of Pasundan
9%
Netherlands 1948-1949 Banjar
8%
French Republic 1796-1796 Bolognese Republic
8%
French Republic 1797-1797 Cisrhenian Republic
8%
Netherlands 1946-1949 Great Dayak
8%
French Republic 1798-1798 Lémanique Republic
8%
Empire of Japan 1937-1939 North Shanxi Autonomous Government
8%
Ottoman Empire 1913-1913 Provisional Government of Western Thrace
8%
Empire of Japan 1937-1939 South Chahar Autonomous Government
8%
Netherlands 1946-1950 State of East Indonesia
8%
French Republic 1797-1798 Anconine Republic
6%
Russian SFSR 1918-1918 Donetsk–Krivoy Rog Soviet Republic
6%
German Empire 1918-1918 Duchy of Courland and Semigallia
6%
Empire of Japan 1937-1939 Mongol United Autonomous Government
6%
French Republic 1792-1793 Rauracian Republic
6%
French Republic 1797-1797 Republic of Bergamo
6%
French Republic 1794-1795 Republic of Bouillon
6%
French Republic 1797-1797 Republic of Brescia
6%
French Republic 1789-1791 Republic of Liège
6%
French Republic 1793-1793 Republic of Mainz
6%
French Republic 1799-1799 Republic of Pescara
6%
Netherlands 1948-1949 State of Madura
6%
Netherlands 1948-1949 State of South Sumatra
6%
French Republic 1800-1802 Subalpine Republic
6%
French Republic 1798-1798 Tiberina Republic
6%
Netherlands 1947-1949 Southeast Borneo Federation
4%
Netherlands 1947-1950 West Kalimantan
4%
No matching quizzes found
Score Distribution
Percent of People with Each Score
Percentile by Number Answered
Your Score History
You have not taken this quiz since the last reset